La contaminación fluvial en el derecho internacional (Registro nro. 1191)

Detalles MARC
000 -LEADER
fixed length control field 01975 a2200337 4500
001 - CONTROL NUMBER
control field 24509
005 - DATE AND TIME OF LATEST TRANSACTION
control field 20260407155529.0
008 - FIXED-LENGTH DATA ELEMENTS--GENERAL INFORMATION
fixed length control field 260407a2013 arg spa d
003 - CONTROL NUMBER IDENTIFIER
control field AR-UNSa-BCEJYS
040 ## - CATALOGING SOURCE
Original cataloging agency AR-UNSa-BCEJYS
Language of cataloging spa
Transcribing agency AR-UNSa-BCEJYS
080 ## - UNIVERSAL DECIMAL CLASSIFICATION NUMBER
Universal Decimal Classification number 349.6
Common auxiliary subdivision Derecho de protección del medio ambiente
020 ## - INTERNATIONAL STANDARD BOOK NUMBER
International Standard Book Number 978-987-03-2497-3
100 1# - MAIN ENTRY--PERSONAL NAME
Personal name Del Castillo, Lilian
245 10 - TITLE STATEMENT
Title La contaminación fluvial en el derecho internacional
Name of part/section of a work Casos recientes en la práctica Sudamericana
264 #1 - PRODUCTION, PUBLICATION, DISTRIBUTION, MANUFACTURE, AND COPYRIGHT NOTICE
Place of production, publication, distribution, manufacture Buenos Aires :
Name of producer, publisher, distributor, manufacturer Universidad de Buenos Aires. Facultad de Derecho. Departamento de Publicaciones
Date of production, publication, distribution, manufacture, or copyright notice 2013
300 ## - PHYSICAL DESCRIPTION
Extent xxiv, 233 p.
Dimensions 24 cm.
505 ## - FORMATTED CONTENTS NOTE
Formatted contents note 1. La protección ambiental internacional y el agua: estado del debate - 2. Conflictos en materia de aguas compartidas - 3- La contaminación transfronteriza de cursos acuáticos: la regulación entre Venezuela y Colombia contra derrames de petróleo - 4. Normas aplicables a la cuenca Matanza-Riachuelo - 5. Sistema internacional de responsabilidad civil e indemnización de daños causados por contaminación por derrames de hidrocarburos transportados en buques tanque - 6. Prevención de la contaminación del medio marino desde fuentes terrestres - 7. Las obligaciones procedimentales en el caso de las plantas de celulosa sobre el Río Uruguay - 8. Lecciones que nos dejó la decisión de la corte internacional de justicia
590 ## - LOCAL NOTE (RLIN)
Local note niveau_biblio:m niveau_hierar:0
700 1# - ADDED ENTRY--PERSONAL NAME
Personal name Gasol Varela, Claudia
700 1# - ADDED ENTRY--PERSONAL NAME
Personal name Capaldo, Griselda
700 1# - ADDED ENTRY--PERSONAL NAME
Personal name González Lapeyre, Edison
700 1# - ADDED ENTRY--PERSONAL NAME
Personal name Mantecón, Cecilia
700 1# - ADDED ENTRY--PERSONAL NAME
Personal name González Napolitano, Silvina S.
700 1# - ADDED ENTRY--PERSONAL NAME
Personal name Rovere, Marta Brunilda
700 1# - ADDED ENTRY--PERSONAL NAME
Personal name Sainz Borgo, Juan Carlos
700 1# - ADDED ENTRY--PERSONAL NAME
Personal name Valls, Claudia
700 1# - ADDED ENTRY--PERSONAL NAME
Personal name Valls, Mario
700 1# - ADDED ENTRY--PERSONAL NAME
Personal name Vega, Alejandro
856 41 - ELECTRONIC LOCATION AND ACCESS
Uniform Resource Identifier <a href="https://biblioeco.unsa.edu.ar/pmb/images/libros/La Contaminaci?n fluvial den el Derecho Internacional.jpg">https://biblioeco.unsa.edu.ar/pmb/images/libros/La Contaminaci?n fluvial den el Derecho Internacional.jpg</a>
Link text Imagen de portada
Electronic format type image/jpeg
942 ## - ADDED ENTRY ELEMENTS (KOHA)
Koha item type
Existencias
Withdrawn status Lost status Damaged status Not for loan Home library Current library Shelving location Date acquired Total checkouts Full call number Barcode Date last seen Price effective from Koha item type
        Biblioteca Prof. Eusebio Cleto del Rey Biblioteca Prof. Eusebio Cleto del Rey   07/04/2026   349.6 D331 L119588 07/04/2026 07/04/2026 Libro